000 00361nam a2200133Ia 4500
008 151001s9999||||xx |||||||||||||| ||und||
100 _aहरी नारायण आपटे
245 _aचंद्रगुप्त
250 _a1
260 _bआर्यभूषण मुद्रणालय
260 _c1927
300 _a242
365 _b8
999 _c950344
_d950341